000 00388nam a2200157Ia 4500
008 230711s9999||||xx |||||||||||||| ||und||
041 _aENG
082 _a620
_bDH-E
100 _aDhillon,B.S
245 0 _aEngineering maintainability
250 _a1st Ed.
260 _c2004
_aNew Delhi
_bPHI Learning Private Limited
300 _a253
650 _aMechanical Engineering
942 _cBK
999 _c4426
_d4426